| 000 | 01093cam a2200301 a 4500 | ||
|---|---|---|---|
| 001 | 13167611 | ||
| 003 | OSt | ||
| 005 | 20160811090239.0 | ||
| 008 | 030418s2004 maua b 001 0 eng | ||
| 010 | _a 2003050281 | ||
| 020 | _a0205386423 | ||
| 040 |
_aDLC _cDLC _dDLC |
||
| 050 | 0 | 0 |
_aLB1050.46 _b.G55 2004 |
| 082 | 0 | 0 |
_a372.48 _221 |
| 100 | 1 | _aGillet, Jean Wallace. | |
| 245 | 1 | 0 |
_aUnderstanding reading problems : _bassessment and instruction / _cJean Wallace Gillet, Charles Temple, Alan N. Crawford, with Bernard Cooney, Jr. |
| 250 | _a6th ed. | ||
| 260 |
_aBoston, Mass. : _bAllyn and Bacon, _cc2004. |
||
| 300 |
_axvii, 491 p. : _bill. ; _c25 cm. |
||
| 504 | _aIncludes bibliographical references and indexes. | ||
| 650 | 0 |
_aReading _xAbility testing. |
|
| 650 | 0 |
_aReading _xRemedial teaching. |
|
| 700 | 1 |
_aTemple, Charles A., _d1947- |
|
| 700 | 1 | _aCrawford, Alan N. | |
| 906 |
_a7 _bcbc _corignew _d1 _eocip _f20 _gy-gencatlg |
||
| 942 |
_2lcc _cBOOKS |
||
| 999 |
_c13398 _d13398 |
||